Vālmīkirāmāyaṇakośaḥ : (Record no. 65285)

MARC details
000 -LEADER
fixed length control field 00847cam a2200241 a 4500
001 - CONTROL NUMBER
control field sa 65007674
003 - CONTROL NUMBER IDENTIFIER
control field DLC
005 - DATE AND TIME OF LATEST TRANSACTION
control field 20260227112150.0
008 - FIXED-LENGTH DATA ELEMENTS--GENERAL INFORMATION
fixed length control field 890504s1965 ii a 001 0 hino
010 ## - LIBRARY OF CONGRESS CONTROL NUMBER
LC control number sa 65007674
035 ## - SYSTEM CONTROL NUMBER
System control number (OCoLC)19655072
040 ## - CATALOGING SOURCE
Original cataloging agency DLC
Transcribing agency DLC
050 00 - LIBRARY OF CONGRESS CALL NUMBER
Classification number BL1139.29
Item number .R42 1965
100 1# - MAIN ENTRY--PERSONAL NAME
Personal name Rāya, Rāmakumāra.
245 10 - TITLE STATEMENT
Title Vālmīkirāmāyaṇakośaḥ :
Remainder of title Vālmīkirāmāyaṇasya sāmnāṃ viṣayāṇāṃ ca vyākhyātmikā anukramaṇikā /
Statement of responsibility, etc. Rāmakumārarāyaḥ.
246 15 - VARYING FORM OF TITLE
Title proper/short title Vālmīki-Rāmāyaṇa kosha
260 ## - PUBLICATION, DISTRIBUTION, ETC.
Place of publication, distribution, etc. Vārāṇasī :
Name of publisher, distributor, etc. Caukhambā Saṃskr̥ta Sīrīja Āphisa,
Date of publication, distribution, etc. 1965.
300 ## - PHYSICAL DESCRIPTION
Extent 4, 3, 431 p. :
Other physical details ill. ;
Dimensions 23 cm.
440 #0 - SERIES STATEMENT/ADDED ENTRY--TITLE
Title Kāśī Saṃskr̥ta granthamālā ;
Volume/sequential designation 168
546 ## - LANGUAGE NOTE
Language note In Hindi.
500 ## - GENERAL NOTE
General note Includes index.
600 00 - SUBJECT ADDED ENTRY--PERSONAL NAME
Personal name Vālmīki.
Title of a work Rāmāyaṇa
Form subdivision Concordances.

No items available.

Powered by Koha